01211nab a22002177a 4500003000400000005001700004008004100021040000700062100003400069245006400103260007200167300001200239500003400251505042600285505008900711650001800800650001200818650001800830650002600848773011900874OSt20251209095117.0190502c xxu||||| |||| 00| 0 spa d cPJ aYáñez Mosteirin, Agustina13aEl delito de encubrimiento /cAgustina Yáñez Mosteirin. aCiudad Autónoma de Buenos Aires :bThomson Reuters La Ley,c2025. ap. 3-11 aCita Online: AR/DOC/835/2025. aSumario: I. Bien jurídico protegido.— II. Encubrimiento o participación: dos figuras que se excluyen entre sí.— III. Sujeto activo.— IV. Delito precedente.— V. Tipo subjetivo.— VI. Encubrimiento por favorecimiento personal.— VII. Encubrimiento por favorecimiento real.— VIII. Encubrimiento por receptación.— IX. Agravantes.— X. Eximente de responsabilidad: excusa absolutoria.— XI. Competencia t¿Te interesa el texto completo? Solicitalo al correo: koha@justierradelfuego.gov.ar 0aDERECHO PENAL 0aDELITOS 0aENCUBRIMIENTO 0aAGRAVANTES DE LA PENA0 02729dBuenos Aires : LexisNexis, 2006-tRevista de derecho penal y procesal penal. Nº 6 - Junio 2025z9875920622